| 000 | 00648 a2200205 4500 | ||
|---|---|---|---|
| 003 | Nust | ||
| 005 | 20170207153450.0 | ||
| 020 | _a002123650X | ||
| 022 | _a0021237905 | ||
| 040 | _cNust | ||
| 082 | _a823 | ||
| 100 | _aSmith, B. Carl | ||
| 245 |
_aMoments, Birds and beasts , Signals _cWarren Halliburton , Laurence Swinburne, Alma Whitney _hSenior authors Carl B. Smith , Ronald Wardhaugh, Literature Consultant [etc] |
||
| 250 | _aThree-in-one-edition | ||
| 260 |
_aLondon _bCollier Macmillan Publishers _c1975 |
||
| 300 |
_a96, 96, 96 p _billus _cdigars _e24 cm |
||
| 440 | _vLevels 25,26,27 | ||
| 600 | _aSmith, B. Carl | ||
| 650 | _aEnglish Leitutre | ||
| 942 | _cBVOL | ||
| 999 |
_c186842 _d186842 |
||